|
|
|
|
| LEADER |
00884nam a2200229 4500 |
| 001 |
DLU170182094 |
| 005 |
##20171127 |
| 040 |
# |
# |
|a DLU
|b vie
|
| 041 |
# |
# |
|a vie
|
| 044 |
# |
# |
|a vn
|
| 100 |
# |
# |
|a Phan Thị Thu Hiền, PGS.TS.
|
| 245 |
# |
# |
|a Những mái lều ẩn cư trong văn chương Đông Á (Nghiên cứu so sánh Trung Quốc, Nhật Bản và Korea) /
|c Phan Thị Thu Hiền.
|
| 773 |
# |
# |
|t Văn học Việt Nam và Nhật Bản trong bối cảnh toàn cầu hoá : Kỷ yếu hội thảo quốc tế = Vietnamese and Japanese literature in the globalization context
|g 2016, tr. 224-241
|
| 920 |
# |
# |
|a Phòng Sau đại học -- Trung tâm Thông tin - Thư viện Trường Đại học Đà Lạt
|
| 994 |
# |
# |
|a DLU
|
| 900 |
# |
# |
|a True
|
| 911 |
# |
# |
|a Hoàng Thị Huyền
|
| 925 |
# |
# |
|a G
|
| 926 |
# |
# |
|a A
|
| 927 |
# |
# |
|a BB
|
| 980 |
# |
# |
|a Thư viện Trường Đại học Đà Lạt
|